00305nam a2200121Ia 45000030006000000080041000060400015000471000019000622450045000812600028001265460012001540050017001660STCL150530s9999 xx 000 0 und d aSTCLcSTCL aPercival Spear aOxford history of modern India 1740 1947 bOxford universityc1976 aEnglish20220125171450.0